000 00326 a2200157 4500
001 58739
020 _a
040 _cAnchieta - Pituba
100 _aSillanpää, Frans Eemil
240 1 0 _aSanta miséria
_lpor
245 1 0 _aSanta miséria
300 _a234
362 0 _a1970
650 4 _aLiteratura sueca
942 _cBK
999 _c58739
_d58739